[Event "HUN-chT2 Szechenyi 1819"]
[Site "Hungary"]
[Date "2019.03.31"]
[Round "8.4"]
[White "Ragats, Jozsef"]
[Black "Oltean, Gusztav"]
[Result "1/2-1/2"]
[WhiteElo "2088"]
[BlackElo "2034"]
[PlyCount "31"]
[EventDate "2018.10.28"]
[EventType "team-tourn"]
[EventRounds "9"]
[EventCountry "HUN"]
[SourceTitle "EXT 2021"]
[Source "ChessBase"]
[SourceDate "2020.10.23"]
[SourceVersion "1"]
[SourceVersionDate "2020.10.23"]
[SourceQuality "1"]
[WhiteTeam "Keszthely Spartacus"]
[BlackTeam "Veszprem Ezust Huszar"]
[WhiteTeamCountry "HUN"]
[BlackTeamCountry "HUN"]

1. d4 Nf6 2. Nf3 c5 3. c3 cxd4 4. cxd4 d5 5. Bf4 Nc6 6. e3 Bf5 7. Bd3 Bxd3 8. Qxd3 e6 9. 0-0 Bd6 10. Bxd6 Qxd6 11. Nc3 0-0 12. Rfc1 Rac8 13. a3 a6 14. Na4 Na5 15. Ne5 Rc7 16. Rxc7 1/2-1/2

[Event "HUN-chT4 Chalupetzky 1819"]
[Site "Hunagry"]
[Date "2018.11.04"]
[Round "2.2"]
[White "Barson, Laszlo"]
[Black "Ragats, Jozsef"]
[Result "1/2-1/2"]
[WhiteElo "2021"]
[BlackElo "2093"]
[PlyCount "28"]
[EventDate "2018.10.14"]
[EventType "team-tourn"]
[EventRounds "10"]
[EventCountry "HUN"]
[SourceTitle "EXT 2020"]
[Source "ChessBase"]
[SourceDate "2019.10.17"]
[SourceVersion "1"]
[SourceVersionDate "2019.10.17"]
[SourceQuality "1"]
[WhiteTeam "Fertoszentmiklos"]
[BlackTeam "Lovo"]
[WhiteTeamCountry "HUN"]
[BlackTeamCountry "HUN"]

1. e4 e6 2. d4 d5 3. Nd2 c5 4. exd5 Qxd5 5. Ngf3 cxd4 6. Bc4 Qd8 7. 0-0 Nf6 8. Nb3 Nc6 9. Nbxd4 Nxd4 10. Nxd4 a6 11. a4 Qc7 12. Qe2 Be7 13. Be3 0-0 14. h3 Rd8 1/2-1/2

[Event "HUN-chT4 Chalupetzky 1718"]
[Site "Hungary"]
[Date "2018.01.21"]
[Round "5.4"]
[White "Ragats, Jozsef"]
[Black "Barson, Laszlo"]
[Result "1/2-1/2"]
[WhiteElo "2090"]
[BlackElo "2003"]
[PlyCount "32"]
[EventDate "2017.10.15"]
[EventType "team-tourn"]
[EventRounds "7"]
[EventCountry "HUN"]
[SourceTitle "EXT 2019"]
[Source "ChessBase"]
[SourceDate "2018.10.10"]
[SourceVersion "1"]
[SourceVersionDate "2018.10.10"]
[SourceQuality "1"]
[WhiteTeam "Lovo"]
[BlackTeam "Fertoszentmiklos"]
[WhiteTeamCountry "HUN"]
[BlackTeamCountry "HUN"]

1. d4 Nf6 2. Nf3 e6 3. c4 d5 4. Nc3 Be7 5. Bf4 0-0 6. e3 b6 7. Qc2 c6 8. Be2 Bb7 9. cxd5 cxd5 10. h3 Nc6 11. 0-0 Rc8 12. Rac1 Bd6 13. Bxd6 Qxd6 14. Rfd1 a6 15. Qb1 b5 16. a3 Na5 1/2-1/2

[Event "HUN-chT2 Szechenyi 1617"]
[Site "Hungary"]
[Date "2017.03.12"]
[Round "10.3"]
[White "Odor, Istvan"]
[Black "Ragats, Jozsef"]
[Result "1-0"]
[WhiteElo "2130"]
[BlackElo "2103"]
[PlyCount "127"]
[EventDate "2016.09.25"]
[EventType "team-tourn"]
[EventRounds "11"]
[EventCountry "HUN"]
[SourceTitle "EXT 2021"]
[Source "ChessBase"]
[SourceDate "2020.10.23"]
[SourceVersion "1"]
[SourceVersionDate "2020.10.23"]
[SourceQuality "1"]
[WhiteTeam "Sarvar"]
[BlackTeam "Lovo"]
[WhiteTeamCountry "HUN"]
[BlackTeamCountry "HUN"]

1. e4 c5 2. Nf3 d6 3. d4 cxd4 4. Nxd4 Nf6 5. Nc3 a6 6. Bc4 e6 7. Bb3 Be7 8. 0-0 Bd7 9. Qf3 Nc6 10. Be3 b5 11. a3 Nxd4 12. Bxd4 Bc6 13. Qg3 0-0 14. f4 Qc7 15. e5 dxe5 16. Bxe5 Qb6+ 17. Kh1 Rad8 18. Rae1 Rd2 19. Ne2 Be4 20. Bc3 Rd7 21. Ng1 Bg6 22. Nh3 Rfd8 23. Ng5 Nd5 24. Bxd5 Rxd5 25. Ne4 b4 26. Be5 Qb5 27. axb4 f6 28. Nc3 Qc4 29. Nxd5 Qxd5 30. Bc3 Bxc2 31. Qf3 Qc4 32. Qb7 Bf8 33. h3 Rd6 34. Rf3 Bd1 35. Rf2 Ba4 36. Qe4 Qc7 37. Rd2 Bc6 38. Qe3 Bd5 39. Qg3 Qf7 40. Red1 f5 41. Rc1 Rc6 42. Rdd1 Qb7 43. Be5 g6 44. Qg5 Be7 45. Qg3 Bxb4 46. Rxc6 Qxc6 47. Qg5 Kf7 48. Qf6+ Ke8 49. Qh8+ Bf8 50. Bg7 Qc5 51. Kh2 h5 52. Qg8 Qe7 53. Bxf8 Qxf8 54. Qxg6+ Kd7 55. Qxh5 Qb4 56. Qf7+ Kc6 57. Rc1+ Kb5 58. Qd7+ Ka5 59. Qc7+ Ka4 60. Ra1+ Kb3 61. Rxa6 Qd2 62. Qc3+ Qxc3 63. bxc3 Kxc3 64. h4 1-0

[Event "HUN-chT2 Szechenyi 1617"]
[Site "Hungary"]
[Date "2017.02.12"]
[Round "8.2"]
[White "Ragats, Jozsef"]
[Black "Gyurkovics, Bence"]
[Result "1/2-1/2"]
[WhiteElo "2103"]
[BlackElo "2240"]
[PlyCount "171"]
[EventDate "2016.09.25"]
[EventType "team-tourn"]
[EventRounds "11"]
[EventCountry "HUN"]
[SourceTitle "EXT 2021"]
[Source "ChessBase"]
[SourceDate "2020.10.23"]
[SourceVersion "1"]
[SourceVersionDate "2020.10.23"]
[SourceQuality "1"]
[WhiteTeam "Lovo"]
[BlackTeam "Gyor Szechenyi"]
[WhiteTeamCountry "HUN"]
[BlackTeamCountry "HUN"]

1. d4 Nf6 2. Nf3 e6 3. c4 d5 4. Nc3 Bb4 5. e3 0-0 6. Be2 Nbd7 7. 0-0 c6 8. Qc2 Re8 9. Rd1 Qc7 10. b3 b6 11. Bb2 Bb7 12. cxd5 cxd5 13. Rac1 Rac8 14. Qb1 Qb8 15. a3 Bd6 16. Nb5 Bf8 17. a4 a6 18. Nc3 Qd6 19. Na2 Ne4 20. Rxc8 Rxc8 21. Rc1 f6 22. Rxc8 Bxc8 23. Qc1 Bb7 24. Nd2 Nxd2 25. Qxd2 Nb8 26. Bd3 Qc7 27. Qc2 Qxc2 28. Bxc2 Nc6 29. Kf1 Bd6 30. g3 Bc8 31. Bd3 Kf7 32. Bc3 g6 33. h4 e5 34. Ke1 e4 35. Be2 g5 36. hxg5 fxg5 37. Bh5+ Ke7 38. Be2 g4 39. Bf1 Kf6 40. Be2 Kg5 41. Kf1 h5 42. Kg2 Kf6 43. Kf1 Ke6 44. Ke1 Kd7 45. Kd1 Ke6 46. Ke1 Be7 47. Kf1 Kf5 48. Kg2 Bd6 49. Bd2 Ke6 50. Kf1 Nd8 51. Nb4 Bxb4 52. Bxb4 Nf7 53. Ba3 Ng5 54. Bf8 Nf3 55. Bd1 Bd7 56. Bb4 b5 57. a5 Kf5 58. Kg2 Bc6 59. Be2 Ng5 60. Kf1 Ne6 61. Ke1 Nd8 62. Be7 Nb7 63. Bb4 Ke6 64. Bd1 Be8 65. Be2 Nd8 66. Bf8 Nc6 67. b4 Bd7 68. Bc5 Nd8 69. Kf1 Nf7 70. Kg2 Nh6 71. Bb6 Nf5 72. Bc5 Kf6 73. Bf8 Kg5 74. Bc5 Kf6 75. Bd1 Ng7 76. Be2 Ne6 77. Bd6 Ng5 78. Bc5 Nf3 79. Bxf3 exf3+ 80. Kf1 Bf5 81. Ke1 Bd3 82. Bd6 Bc4 83. Kd2 Ke6 84. Bb8 Kf5 85. Bc7 Ke4 86. Bd8 1/2-1/2

[Event "HUN-chT2 Szechenyi 1617"]
[Site "Hungary"]
[Date "2016.12.11"]
[Round "6.3"]
[White "Tako, Helga"]
[Black "Ragats, Jozsef"]
[Result "1/2-1/2"]
[WhiteElo "1962"]
[BlackElo "2103"]
[PlyCount "22"]
[EventDate "2016.09.25"]
[EventType "team-tourn"]
[EventRounds "11"]
[EventCountry "HUN"]
[SourceTitle "EXT 2021"]
[Source "ChessBase"]
[SourceDate "2020.10.23"]
[SourceVersion "1"]
[SourceVersionDate "2020.10.23"]
[SourceQuality "1"]
[WhiteTeam "Arboretum"]
[BlackTeam "Lovo"]
[WhiteTeamCountry "HUN"]
[BlackTeamCountry "HUN"]

1. e4 e6 2. d4 d5 3. exd5 exd5 4. Bd3 Bd6 5. c3 c6 6. Nf3 Bg4 7. h3 Bh5 8. Be3 Nd7 9. Nbd2 Ngf6 10. Qc2 Bg6 11. Bxg6 hxg6 1/2-1/2

[Event "HUN-chT2 Szechenyi 1516"]
[Site "Hungary"]
[Date "2016.04.03"]
[Round "10.3"]
[White "Ragats, Jozsef"]
[Black "Gutmann, Alois"]
[Result "1/2-1/2"]
[WhiteElo "2110"]
[BlackElo "2050"]
[PlyCount "60"]
[EventDate "2015.09.13"]
[EventType "team-tourn"]
[EventRounds "11"]
[EventCountry "HUN"]
[SourceTitle "EXT 2017"]
[Source "ChessBase"]
[SourceDate "2016.10.25"]
[SourceVersion "1"]
[SourceVersionDate "2016.10.25"]
[SourceQuality "1"]
[WhiteTeam "Lovo"]
[BlackTeam "HVSE Infraplan"]
[WhiteTeamCountry "HUN"]
[BlackTeamCountry "HUN"]

1. d4 e6 2. Nf3 f5 3. g3 b6 4. Bg2 Bb7 5. 0-0 Nf6 6. c4 Be7 7. Nc3 Ne4 8. Nxe4 Bxe4 9. d5 0-0 10. Be3 Bd6 11. dxe6 dxe6 12. Nd4 Bxg2 13. Kxg2 Qe8 14. Qd2 a6 15. f4 Nd7 16. Nf3 Nf6 17. Bd4 Ne4 18. Qc2 Rd8 19. Rfd1 Qc6 20. Rac1 Qb7 21. Kg1 Be7 22. Be3 c5 23. Rxd8 Rxd8 24. Rd1 Rxd1+ 25. Qxd1 Bf6 26. Bc1 b5 27. Qd3 h6 28. b3 Kh7 29. Be3 b4 30. Nd2 Nxd2 1/2-1/2

[Event "HUN-chT2 Szechenyi 1415"]
[Site "Hungary"]
[Date "2015.01.25"]
[Round "7.4"]
[White "Ragats, Jozsef"]
[Black "Pergel, Laszlo"]
[Result "1/2-1/2"]
[WhiteElo "2101"]
[BlackElo "2241"]
[PlyCount "31"]
[EventDate "2014.09.07"]
[EventType "team-tourn"]
[EventRounds "11"]
[EventCountry "HUN"]
[SourceTitle "EXT 2016"]
[Source "ChessBase"]
[SourceDate "2015.10.08"]
[SourceVersion "1"]
[SourceVersionDate "2015.10.08"]
[SourceQuality "1"]
[WhiteTeam "Lovo"]
[BlackTeam "HVSE Infraplan"]
[WhiteTeamCountry "HUN"]
[BlackTeamCountry "HUN"]

1. d4 Nf6 2. c4 e6 3. Nf3 b6 4. g3 Bb7 5. Bg2 c5 6. 0-0 cxd4 7. Qxd4 d6 8. Nc3 a6 9. b3 Nbd7 10. Bb2 Be7 11. Rfd1 Qc7 12. Ng5 Bxg2 13. Kxg2 Rd8 14. f3 Nc5 15. Rac1 Qb7 16. b4 1/2-1/2

[Event "HUN-chT2 Szechenyi 1415"]
[Site "Hungary"]
[Date "2014.11.30"]
[Round "5.3"]
[White "Egri, Laszlo"]
[Black "Ragats, Jozsef"]
[Result "1/2-1/2"]
[WhiteElo "2104"]
[BlackElo "2101"]
[PlyCount "56"]
[EventDate "2014.09.07"]
[EventType "team-tourn"]
[EventRounds "11"]
[EventCountry "HUN"]
[SourceTitle "EXT 2016"]
[Source "ChessBase"]
[SourceDate "2015.10.08"]
[SourceVersion "1"]
[SourceVersionDate "2015.10.08"]
[SourceQuality "1"]
[WhiteTeam "Sarvar"]
[BlackTeam "Lovo"]
[WhiteTeamCountry "HUN"]
[BlackTeamCountry "HUN"]

1. Nf3 Nf6 2. g3 g6 3. b3 Bg7 4. Bb2 0-0 5. Bg2 d6 6. d4 c6 7. Nbd2 Qa5 8. 0-0 Qh5 9. Re1 Bh3 10. Bh1 Nbd7 11. e4 Ng4 12. e5 dxe5 13. dxe5 Rad8 14. Qe2 Ndxe5 15. Nxe5 Bxe5 16. Bxe5 Qxe5 17. Nf3 Qxe2 18. Rxe2 f6 19. Rxe7 Rde8 20. Rae1 Rxe7 21. Rxe7 Rf7 22. Re8+ Kg7 23. Bg2 Bxg2 24. Kxg2 Rd7 25. h3 Nh6 26. Kf1 Ng8 27. Ke2 Re7+ 28. Rxe7+ Nxe7 1/2-1/2

[Event "HUN-chT2 Szechenyi 1415"]
[Site "Hungary"]
[Date "2014.09.21"]
[Round "2.3"]
[White "Ragats, Jozsef"]
[Black "Kiss, Robert"]
[Result "1/2-1/2"]
[WhiteElo "2101"]
[BlackElo "2098"]
[PlyCount "47"]
[EventDate "2014.09.07"]
[EventType "team-tourn"]
[EventRounds "11"]
[EventCountry "HUN"]
[SourceTitle "EXT 2016"]
[Source "ChessBase"]
[SourceDate "2015.10.08"]
[SourceVersion "1"]
[SourceVersionDate "2015.10.08"]
[SourceQuality "1"]
[WhiteTeam "Lovo"]
[BlackTeam "Arboretum"]
[WhiteTeamCountry "HUN"]
[BlackTeamCountry "HUN"]

1. d4 d5 2. Nf3 Bg4 3. g3 Bxf3 4. exf3 e6 5. Bg2 c5 6. 0-0 Nc6 7. dxc5 Bxc5 8. Nd2 Nf6 9. Nb3 Bb6 10. c3 0-0 11. Be3 Rc8 12. Qe2 Nd7 13. f4 Qf6 14. Rad1 Bxe3 15. Qxe3 Nb6 16. Rfe1 Nc4 17. Qc1 b6 18. Nd4 Nxd4 19. Rxd4 Nd6 20. Qd2 Rc4 21. Rxc4 Nxc4 22. Qe2 g6 23. Rd1 Nd6 24. Bf1 1/2-1/2

[Event "HUN-chT2 Szechenyi 1314"]
[Site "Hungary"]
[Date "2014.03.23"]
[Round "9.3"]
[White "Paksa, Rudolf"]
[Black "Ragats, Jozsef"]
[Result "1/2-1/2"]
[WhiteElo "2151"]
[BlackElo "2118"]
[PlyCount "26"]
[EventDate "2013.09.08"]
[EventType "team-tourn"]
[EventRounds "11"]
[EventCountry "HUN"]
[SourceTitle "EXT 2016"]
[Source "ChessBase"]
[SourceDate "2015.10.08"]
[SourceVersion "1"]
[SourceVersionDate "2015.10.08"]
[SourceQuality "1"]
[WhiteTeam "Ajka Banyasz"]
[BlackTeam "Lovo"]
[WhiteTeamCountry "HUN"]
[BlackTeamCountry "HUN"]

1. e4 e6 2. d4 d5 3. Nd2 c5 4. Ngf3 Nc6 5. exd5 exd5 6. dxc5 Bxc5 7. Nb3 Bd6 8. c3 Nge7 9. Nbd4 0-0 10. Be2 Bg4 11. 0-0 Re8 12. Be3 a6 13. h3 Bh5 1/2-1/2

[Event "HUN-chT2 Szechenyi 1314"]
[Site "Hungary"]
[Date "2014.03.02"]
[Round "8.4"]
[White "Finy, Mark"]
[Black "Ragats, Jozsef"]
[Result "1/2-1/2"]
[WhiteElo "1891"]
[BlackElo "2118"]
[PlyCount "51"]
[EventDate "2013.09.08"]
[EventType "team-tourn"]
[EventRounds "11"]
[EventCountry "HUN"]
[SourceTitle "EXT 2016"]
[Source "ChessBase"]
[SourceDate "2015.10.08"]
[SourceVersion "1"]
[SourceVersionDate "2015.10.08"]
[SourceQuality "1"]
[WhiteTeam "Arboretum"]
[BlackTeam "Lovo"]
[WhiteTeamCountry "HUN"]
[BlackTeamCountry "HUN"]

1. d4 Nf6 2. c4 g6 3. Nc3 Bg7 4. e4 d6 5. Nf3 0-0 6. g3 c5 7. d5 Na6 8. Bg2 Nc7 9. 0-0 a6 10. a4 Nd7 11. Qc2 Rb8 12. a5 b5 13. axb6 Rxb6 14. Nd2 e6 15. Nb3 exd5 16. exd5 Ne5 17. Na5 Bf5 18. Be4 Bh3 19. Rd1 Bg4 20. Rf1 Bh3 21. Rd1 Qd7 22. Na4 Rbb8 23. f4 Ng4 24. Nc6 Rb7 25. Na5 Rbb8 26. Nc6 1/2-1/2

[Event "HUN-chT2 Szechenyi 1314"]
[Site "Hungary"]
[Date "2014.02.16"]
[Round "7.3"]
[White "Lang, Gusztav"]
[Black "Ragats, Jozsef"]
[Result "1-0"]
[WhiteElo "1985"]
[BlackElo "2118"]
[PlyCount "29"]
[EventDate "2013.09.08"]
[EventType "team-tourn"]
[EventRounds "11"]
[EventCountry "HUN"]
[SourceTitle "EXT 2016"]
[Source "ChessBase"]
[SourceDate "2015.10.08"]
[SourceVersion "1"]
[SourceVersionDate "2015.10.08"]
[SourceQuality "1"]
[WhiteTeam "Sarvar"]
[BlackTeam "Lovo"]
[WhiteTeamCountry "HUN"]
[BlackTeamCountry "HUN"]

1. e4 c5 2. Nf3 Nc6 3. d4 cxd4 4. Nxd4 Nf6 5. Nc3 e5 6. Ndb5 d6 7. Nd5 Nxd5 8. exd5 Ne7 9. c3 Ng6 10. Qa4 Bd7 11. Qc4 Rc8 12. Qb4 Bxb5 13. Bxb5+ Ke7 14. Bg5+ f6 15. Qg4 1-0

[Event "HUN-chT2 Szechenyi 1213"]
[Site "Hungary"]
[Date "2013.03.24"]
[Round "9.3"]
[White "Bajak, Andras"]
[Black "Ragats, Jozsef"]
[Result "1/2-1/2"]
[WhiteElo "2004"]
[BlackElo "2108"]
[PlyCount "28"]
[EventDate "2012.09.16"]
[EventType "team-tourn"]
[EventRounds "11"]
[EventCountry "HUN"]
[SourceTitle "EXT 2014"]
[Source "ChessBase"]
[SourceDate "2013.11.20"]
[SourceVersion "1"]
[SourceVersionDate "2013.11.20"]
[SourceQuality "1"]
[WhiteTeam "Haladas III"]
[BlackTeam "Lovo"]
[WhiteTeamCountry "HUN"]
[BlackTeamCountry "HUN"]

1. d4 Nf6 2. c4 e6 3. g3 d5 4. Bg2 Nbd7 5. Nf3 c6 6. 0-0 Bd6 7. Nfd2 0-0 8. Nc3 Be7 9. e4 dxe4 10. Ndxe4 Nxe4 11. Nxe4 Nf6 12. Nc3 Rb8 13. Re1 Re8 14. Bf4 Bd6 1/2-1/2

[Event "HUN-chT2 Szechenyi 1213"]
[Site "Hungary"]
[Date "2013.01.27"]
[Round "6.5"]
[White "Ragats, Jozsef"]
[Black "Szabo, Zoltan"]
[Result "1-0"]
[WhiteElo "2108"]
[BlackElo "1862"]
[PlyCount "91"]
[EventDate "2012.09.16"]
[EventType "team-tourn"]
[EventRounds "11"]
[EventCountry "HUN"]
[SourceTitle "EXT 2014"]
[Source "ChessBase"]
[SourceDate "2013.11.20"]
[SourceVersion "1"]
[SourceVersionDate "2013.11.20"]
[SourceQuality "1"]
[WhiteTeam "Lovo"]
[BlackTeam "Peti MTE"]
[WhiteTeamCountry "HUN"]
[BlackTeamCountry "HUN"]

1. Nf3 d5 2. d4 Nf6 3. Bf4 e6 4. e3 c6 5. Nbd2 Bd6 6. Bg3 0-0 7. Bd3 Qc7 8. c4 Qe7 9. Ne5 Nbd7 10. f4 Bb4 11. Bh4 Qd6 12. 0-0 Bxd2 13. Qxd2 Qc7 14. Qc2 Ne4 15. Bxe4 dxe4 16. Qxe4 f5 17. Qc2 b6 18. Rfd1 Bb7 19. c5 b5 20. e4 g6 21. Bg5 Nf6 22. Bxf6 Rxf6 23. Rac1 Rd8 24. d5 exd5 25. exd5 cxd5 26. c6 Ba8 27. Qc5 Rfd6 28. Qxb5 Rb8 29. Qc5 Rbd8 30. b4 a6 31. a4 g5 32. b5 gxf4 33. b6 Qe7 34. Rxd5 Qf6 35. Rxd6 Rxd6 36. b7 Rd8 37. bxa8Q Rxa8 38. c7 Rc8 39. Qd5+ Kh8 40. Rc6 Qh4 41. Nf3 Qe7 42. Qe5+ Qg7 43. Qxg7+ Kxg7 44. Ne5 Kf8 45. Nc4 Ke7 46. Nb6 1-0

[Event "HUN-chT2 Szechenyi 1213"]
[Site "Hungary"]
[Date "2012.11.04"]
[Round "3.5"]
[White "Smideliusz, Mark"]
[Black "Ragats, Jozsef"]
[Result "1/2-1/2"]
[WhiteElo "2090"]
[BlackElo "2108"]
[PlyCount "62"]
[EventDate "2012.09.16"]
[EventType "team-tourn"]
[EventRounds "11"]
[EventCountry "HUN"]
[SourceTitle "EXT 2014"]
[Source "ChessBase"]
[SourceDate "2013.11.20"]
[SourceVersion "1"]
[SourceVersionDate "2013.11.20"]
[SourceQuality "1"]
[WhiteTeam "Sarvar"]
[BlackTeam "Lovo"]
[WhiteTeamCountry "HUN"]
[BlackTeamCountry "HUN"]

1. e4 e6 2. d4 d5 3. Nd2 dxe4 4. Nxe4 Nf6 5. Bg5 Be7 6. Bxf6 Bxf6 7. Nf3 Nd7 8. Bd3 b6 9. 0-0 0-0 10. Qe2 Bb7 11. c3 Rc8 12. Ba6 Bxa6 13. Qxa6 Ra8 14. Rad1 Qc8 15. Qc4 Qb7 16. d5 b5 17. Qb3 e5 18. Nxf6+ gxf6 19. Qb4 Kh8 20. Nh4 Rad8 21. Qe7 Qc8 22. Qb4 Nb6 23. Qxb5 Qg4 24. g3 Rg8 25. Kh1 Rd6 26. f3 Qh3 27. Rg1 c6 28. Qf1 Qxf1 29. Rgxf1 cxd5 30. Nf5 Rd7 31. Rd3 Rc8 1/2-1/2

[Event "HUN-chT2 Szechenyi 1213"]
[Site "Hungary"]
[Date "2012.09.16"]
[Round "1.5"]
[White "Ragats, Jozsef"]
[Black "Domonkos, Daniel"]
[Result "1-0"]
[WhiteElo "2108"]
[BlackElo "2040"]
[PlyCount "63"]
[EventDate "2012.09.16"]
[EventType "team-tourn"]
[EventRounds "11"]
[EventCountry "HUN"]
[SourceTitle "EXT 2014"]
[Source "ChessBase"]
[SourceDate "2013.11.20"]
[SourceVersion "1"]
[SourceVersionDate "2013.11.20"]
[SourceQuality "1"]
[WhiteTeam "Lovo"]
[BlackTeam "Veszprem"]
[WhiteTeamCountry "HUN"]
[BlackTeamCountry "HUN"]

1. d4 d5 2. Nf3 Nf6 3. c4 e6 4. Nc3 dxc4 5. Bg5 h6 6. Bxf6 Qxf6 7. e4 Bd7 8. Bxc4 Bb4 9. 0-0 0-0 10. Ne5 c5 11. a3 Bxc3 12. bxc3 Bc6 13. Qe2 Rd8 14. Rad1 a6 15. f4 b5 16. Ba2 c4 17. f5 Be8 18. Rf3 Nc6 19. Ng4 Qg5 20. Ne3 f6 21. Qf2 e5 22. h4 Qh5 23. g4 Qf7 24. Nd5 Rxd5 25. exd5 Qxd5 26. Bb1 Rd8 27. Bc2 exd4 28. cxd4 Nxd4 29. Rf4 Bc6 30. Kh2 Nf3+ 31. Qxf3 Qd2+ 32. Qf2 1-0

[Event "HUN-chT2 Szechenyi 1112"]
[Site "Hungary"]
[Date "2012.04.22"]
[Round "9.3"]
[White "Csiszar, Albert"]
[Black "Ragats, Jozsef"]
[Result "1/2-1/2"]
[WhiteElo "1822"]
[BlackElo "2118"]
[PlyCount "70"]
[EventDate "2011.09.25"]
[EventType "team-tourn"]
[EventRounds "11"]
[EventCountry "HUN"]
[SourceTitle "EXT 2013"]
[Source "ChessBase"]
[SourceDate "2012.11.22"]
[SourceVersion "1"]
[SourceVersionDate "2012.11.22"]
[SourceQuality "1"]
[WhiteTeam "Zalakaros"]
[BlackTeam "Lovo"]
[WhiteTeamCountry "HUN"]
[BlackTeamCountry "HUN"]

1. d4 Nf6 2. Bg5 Ne4 3. Bh4 g6 4. e3 Bg7 5. Bd3 f5 6. f3 Nf6 7. Nd2 d5 8. f4 c5 9. c3 Qc7 10. Nh3 Ng4 11. Qe2 0-0 12. Nf3 c4 13. Bc2 Bf6 14. Bg3 Nc6 15. 0-0 Bd7 16. Ne5 Nh6 17. Nxc6 Qxc6 18. Kh1 b5 19. Ng1 a5 20. Nf3 Rab8 21. Ne5 Qc7 22. Be1 Be6 23. h3 Rb6 24. a3 Qc8 25. Rf3 Kh8 26. Rg3 Qe8 27. Nf3 Rg8 28. Bd2 Qf8 29. Rg1 Nf7 30. h4 Nh6 31. Rh3 Bf7 32. Nh2 Be6 33. Qe1 Ng4 34. Bd1 h5 35. Nf3 Qb8 1/2-1/2

[Event "HUN-chT2 Szechenyi 1112"]
[Site "Hungary"]
[Date "2012.03.12"]
[Round "7.3"]
[White "Pinterne, Kovacs Marta"]
[Black "Ragats, Jozsef"]
[Result "1/2-1/2"]
[WhiteElo "2133"]
[BlackElo "2118"]
[PlyCount "25"]
[EventDate "2011.09.25"]
[EventType "team-tourn"]
[EventRounds "11"]
[EventCountry "HUN"]
[SourceTitle "EXT 2013"]
[Source "ChessBase"]
[SourceDate "2012.11.22"]
[SourceVersion "1"]
[SourceVersionDate "2012.11.22"]
[SourceQuality "1"]
[WhiteTeam "Keszthely"]
[BlackTeam "Lovo"]
[WhiteTeamCountry "HUN"]
[BlackTeamCountry "HUN"]

1. Nf3 Nf6 2. b3 g6 3. Bb2 Bg7 4. g3 c5 5. c4 Nc6 6. Bg2 0-0 7. 0-0 d6 8. d3 a6 9. Nc3 Rb8 10. Qd2 e5 11. e4 b5 12. Nd5 Nxd5 13. exd5 1/2-1/2

[Event "HUN-chT2 Szechenyi 1112"]
[Site "Hungary"]
[Date "2012.02.19"]
[Round "6.3"]
[White "Ragats, Jozsef"]
[Black "Lang, Gusztav"]
[Result "1/2-1/2"]
[WhiteElo "2118"]
[BlackElo "2014"]
[PlyCount "51"]
[EventDate "2011.09.25"]
[EventType "team-tourn"]
[EventRounds "11"]
[EventCountry "HUN"]
[SourceTitle "EXT 2013"]
[Source "ChessBase"]
[SourceDate "2012.11.22"]
[SourceVersion "1"]
[SourceVersionDate "2012.11.22"]
[SourceQuality "1"]
[WhiteTeam "Lovo"]
[BlackTeam "Sarvar"]
[WhiteTeamCountry "HUN"]
[BlackTeamCountry "HUN"]

1. d4 Nf6 2. Nf3 e6 3. Bf4 b6 4. Nbd2 Bb7 5. e3 d5 6. Bd3 Be7 7. h3 Nbd7 8. 0-0 0-0 9. Rc1 c5 10. c3 Ne4 11. Ne5 Nxd2 12. Qxd2 f6 13. Nxd7 Qxd7 14. Qc2 f5 15. Be5 Bd6 16. f4 a5 17. Qe2 Bxe5 18. fxe5 Qe7 19. Kh2 Qg5 20. Rce1 c4 21. Bc2 h5 22. Rf4 g6 23. Ref1 Rf7 24. R1f3 Rg7 25. Bd1 Qe7 26. h4 1/2-1/2

[Event "HUN-chT2 Charousek 0809"]
[Site "Hungary"]
[Date "2009.04.19"]
[Round "11"]
[White "Toth, Tihamer"]
[Black "Ragats, Jozsef"]
[Result "1/2-1/2"]
[WhiteElo "2148"]
[BlackElo "2163"]
[PlyCount "47"]
[EventDate "2008.10.26"]
[EventType "tourn"]
[EventRounds "11"]
[EventCountry "HUN"]
[SourceTitle "EXT 2010"]
[Source "ChessBase"]
[SourceDate "2010.11.25"]
[SourceVersion "1"]
[SourceVersionDate "2010.11.25"]
[SourceQuality "1"]
[WhiteTeam "Hobagoly"]
[BlackTeam "Aquaprofit II"]
[WhiteTeamCountry "HUN"]
[BlackTeamCountry "HUN"]

1. e4 e6 2. d4 d5 3. e5 c5 4. c3 Nc6 5. a3 a5 6. b3 f6 7. exf6 Nxf6 8. Nf3 Bd6 9. Bd3 0-0 10. 0-0 Qc7 11. h3 e5 12. dxe5 Nxe5 13. Nxe5 Bxe5 14. f4 Bd6 15. c4 d4 16. a4 Bd7 17. Na3 Rae8 18. Nb5 Bxb5 19. axb5 Re7 20. Bd2 b6 21. Qf3 Rfe8 22. Rad1 Ne4 23. Be1 Nf6 24. Bd2 1/2-1/2

[Event "HUN-chT2 Charousek 0809"]
[Site "Hungary"]
[Date "2009.02.22"]
[Round "8"]
[White "Ragats, Jozsef"]
[Black "Babos, Zsolt"]
[Result "1/2-1/2"]
[WhiteElo "2163"]
[BlackElo "1953"]
[PlyCount "41"]
[EventDate "2008.10.26"]
[EventType "tourn"]
[EventRounds "11"]
[EventCountry "HUN"]
[SourceTitle "EXT 2010"]
[Source "ChessBase"]
[SourceDate "2010.11.25"]
[SourceVersion "1"]
[SourceVersionDate "2010.11.25"]
[SourceQuality "1"]
[WhiteTeam "Aquaprofit II"]
[BlackTeam "Haladas II"]
[WhiteTeamCountry "HUN"]
[BlackTeamCountry "HUN"]

1. d4 d5 2. Nf3 Nf6 3. Bf4 Bf5 4. e3 e6 5. Bd3 Bxd3 6. Qxd3 Bb4+ 7. c3 Bd6 8. 0-0 0-0 9. Nbd2 Nbd7 10. Rfe1 Re8 11. Ne5 Nh5 12. Qe2 Nxf4 13. exf4 c5 14. Qb5 Bxe5 15. fxe5 b6 16. a4 a6 17. Qd3 c4 18. Qc2 f5 19. exf6 Qxf6 20. Re3 Qf5 21. Qxf5 1/2-1/2